AC Milan Squad 2024-2025 - Statistics

General Stats
  • This quiz has been taken 920 times
    509 since last reset
  • The average score is 25 of 33
Answer Stats
# Position Nation Player % Correct
10 FW Portugal Rafael Leão
98%
16 GK France Mike Maignan
97%
11 FW United States Christian Pulisic
96%
7 FW Mexico Santiago Gimenez
94%
23 DF England Fikayo Tomori
91%
19 DF France Theo Hernández
90%
14 MF Netherlands Tijjani Reijnders
90%
4 MF Algeria Ismaël Bennacer
88%
8 MF England Ruben Loftus-Cheek
87%
9 FW Serbia Luka Jović
86%
2 DF Italy Davide Calabria
85%
28 DF Germany Malick Thiaw
85%
7 FW Spain Álvaro Morata
84%
80 MF United States Yunus Musah
84%
79 FW Portugal João Félix
81%
31 DF Serbia Strahinja Pavlović
81%
46 DF Italy Matteo Gabbia
80%
32 DF England Kyle Walker
79%
90 FW England Tammy Abraham
79%
21 FW Nigeria Samu Chukwueze
78%
17 FW Switzerland Noah Okafor
77%
29 MF France Youssouf Fofana
77%
- Coach Portugal Sérgio Conceição
76%
20 DF Spain Álex Jiménez
73%
22 DF Brazil Emerson Royal
72%
57 GK Italy Marco Sportiello
68%
- Coach Portugal Paulo Fonseca
68%
24 DF Italy Alessandro Florenzi
54%
42 DF Italy Filippo Terracciano
54%
38 MF France Warren Bondo
52%
99 FW Italy Riccardo Sottil
50%
96 GK Italy Lorenzo Torriani
48%
18 MF Italy Kevin Zeroli
27%
No matching quizzes found
Score Distribution
Percent of People with Each Score
Percentile by Number Answered
Your Score History
You have not taken this quiz since the last reset